000 00238nam a2200097Ia 4500
001 684617
005 20250826161501.0
008 250824s9999 xx 000 0 und d
245 0 _aVazgeçtim
_cKAHRAMAN TAZEOĞLU
260 _bDESTEK YAYINLARI
999 _c684617
_d684617